000
00298nam a22001337a 4500
008
170131b xxu||||| |||| 00| 0 eng d
020
_a
9780323028059
041
_a
eng
080
_2
6TH
_a
61
100
_a
3
101
_a
SHM
245
_a
EXPLORING MEDICAL LANGUAGE
_c
BROOKS, M.L
942
_2
udc
_c
BK
999
_c
4158
_d
4158